[Event "13. Memorial Adolfo Pedrido"]
[Site "Villagarcía de Arosa ESP"]
[Date "2005.08.07"]
[Round "7.10"]
[White "Garcia del Campo, Luis A"]
[Black "Garcia Castro, Pablo"]
[Result "0-1"]
[WhiteElo "2184"]
[BlackElo "2377"]
[PlyCount "34"]
[EventDate "2005.08.01"]
[EventType "swiss"]
[EventRounds "9"]
[EventCountry "ESP"]
[Source "lmi"]
[SourceDate "2005.08.09"]

1. d4 Nf6 2. c4 e5 3. dxe5 Ne4 4. a3 d6 5. Nf3 Nc6 6. exd6 Bxd6 7. Nbd2 Bf5 8.
g3 Bc5 9. e3 Qe7 10. Qe2 O-O-O 11. Nh4 Nxd2 12. Bxd2 Be4 13. Qg4+ Kb8 14. f3 f5
15. Qh3 Bc2 16. e4 fxe4 17. Nf5 Qd7 0-1

[Event "13. Memorial Adolfo Pedrido"]
[Site "Villagarcía de Arosa ESP"]
[Date "2005.08.08"]
[Round "8.2"]
[White "Iotov, Valentin"]
[Black "Torrado Quintela, Julio"]
[Result "1-0"]
[WhiteElo "2447"]
[BlackElo "2180"]
[PlyCount "77"]
[EventDate "2005.08.01"]
[EventType "swiss"]
[EventRounds "9"]
[EventCountry "ESP"]
[Source "lmi"]
[SourceDate "2005.08.09"]

1. d4 d5 2. Nf3 Nf6 3. c4 e6 4. Nc3 c6 5. Bg5 Nbd7 6. cxd5 exd5 7. e3 Be7 8.
Qc2 Nh5 9. Bxe7 Qxe7 10. Be2 Nhf6 11. O-O O-O 12. Rab1 a5 13. a3 Ne4 14. Nxe4
dxe4 15. Nd2 Nf6 16. b4 Re8 17. Rfc1 axb4 18. axb4 Nd5 19. b5 Bd7 20. bxc6 Bxc6
21. Nc4 f6 22. h3 Kh8 23. Nb6 Nxb6 24. Rxb6 Ra5 25. Qb2 Qd7 26. Qb4 Rg5 27. h4
Rd5 28. Ba6 Qg4 29. Bxb7 Bxb7 30. Rxb7 h5 31. Rb8 Rdd8 32. Rxd8 Rxd8 33. Qe7
Rd5 34. Rc5 Rxc5 35. dxc5 Kh7 36. c6 Qd1+ 37. Kh2 Qc2 38. c7 Qc3 39. Qxe4+ 1-0

[Event "13. Memorial Adolfo Pedrido"]
[Site "Villagarcía de Arosa ESP"]
[Date "2005.08.08"]
[Round "8.3"]
[White "Dimitrov, Vladimir"]
[Black "Gongora, Maikel"]
[Result "0-1"]
[WhiteElo "2418"]
[BlackElo "2466"]
[PlyCount "64"]
[EventDate "2005.08.01"]
[EventType "swiss"]
[EventRounds "9"]
[EventCountry "ESP"]
[Source "lmi"]
[SourceDate "2005.08.09"]

1. e4 c5 2. Nf3 Nc6 3. d4 cxd4 4. Nxd4 Nf6 5. Nc3 e6 6. Ndb5 d6 7. Bf4 e5 8.
Bg5 a6 9. Na3 b5 10. Bxf6 gxf6 11. Nd5 f5 12. Bd3 Be6 13. c3 Bg7 14. Nxb5 axb5
15. Bxb5 Bd7 16. exf5 Rb8 17. a4 Rg8 18. O-O Ne7 19. Qd3 Nxd5 20. Qxd5 Ke7 21.
Qd3 Qc7 22. Rfd1 Bf6 23. c4 Bc6 24. g3 Ba8 25. a5 h5 26. h3 Qc5 27. Qa3 Qxa3
28. Rxa3 e4 29. b4 Rg5 30. a6 Rxf5 31. a7 Rb6 32. Ra4 Bc3 0-1

[Event "13. Memorial Adolfo Pedrido"]
[Site "Villagarcía de Arosa ESP"]
[Date "2005.08.08"]
[Round "8.4"]
[White "Espiñeira Gonzalez, Pablo"]
[Black "Manolache, Marius"]
[Result "1-0"]
[WhiteElo "2158"]
[BlackElo "2462"]
[PlyCount "139"]
[EventDate "2005.08.01"]
[EventType "swiss"]
[EventRounds "9"]
[EventCountry "ESP"]
[Source "lmi"]
[SourceDate "2005.08.09"]

1. c4 Nf6 2. Nc3 g6 3. g3 Bg7 4. Bg2 O-O 5. Nf3 d6 6. O-O Nc6 7. Rb1 e5 8. d3
a5 9. a3 h6 10. b4 axb4 11. axb4 Be6 12. b5 Ne7 13. Qb3 Qd7 14. Rd1 g5 15. h4
gxh4 16. Nxh4 Rab8 17. d4 exd4 18. Rxd4 Ng4 19. Rd1 Ng6 20. Nf3 f5 21. Nd5 Kh7
22. Nf4 Nxf4 23. Bxf4 Qf7 24. b6 Bxc4 25. Qc2 Ne5 26. bxc7 Qxc7 27. Nd4 Qc8 28.
Nxf5 Rxf5 29. Be4 Be6 30. Bxe5 Qxc2 31. Bxc2 Bxe5 32. f4 Kh8 33. Bxf5 Bxf5 34.
Rb5 Bg4 35. Kf2 Bg7 36. Rxd6 Re8 37. e3 Rc8 38. Rxb7 Rc2+ 39. Kg1 Rc1+ 40. Kf2
Rc2+ 41. Kg1 h5 42. Rg6 Rc1+ 43. Kg2 Rc2+ 44. Kg1 Bf8 45. Rb8 Rc1+ 46. Kf2 Rc2+
47. Ke1 Kh7 48. Rxg4 hxg4 49. Rxf8 Rg2 50. Rf5 Rxg3 51. Kf2 Rf3+ 52. Ke2 Rg3
53. Rg5 Rg2+ 54. Kd3 Rg1 55. Ke4 Kh6 56. Kf5 g3 57. e4 g2 58. e5 Kh7 59. e6 Kh6
60. Kf6 Rf1 61. Rxg2 Rxf4+ 62. Ke5 Rf1 63. e7 Re1+ 64. Kd6 Rd1+ 65. Ke6 Re1+
66. Kf7 Rf1+ 67. Kg8 Re1 68. Rg7 Re2 69. Kf8 Re1 70. Rf7 1-0

[Event "13. Memorial Adolfo Pedrido"]
[Site "Villagarcía de Arosa ESP"]
[Date "2005.08.08"]
[Round "8.5"]
[White "Nanu, Ciprian"]
[Black "Casares Cabanas, Carlos"]
[Result "1-0"]
[WhiteElo "2434"]
[BlackElo "2116"]
[PlyCount "61"]
[EventDate "2005.08.01"]
[EventType "swiss"]
[EventRounds "9"]
[EventCountry "ESP"]
[Source "lmi"]
[SourceDate "2005.08.09"]

1. e4 c5 2. Nf3 d6 3. Bc4 e6 4. O-O a6 5. Re1 b5 6. Bf1 Bb7 7. c3 Nf6 8. d3 Be7
9. a4 bxa4 10. Qxa4+ Nbd7 11. e5 dxe5 12. Nxe5 Qc8 13. Na3 O-O 14. Nxd7 Nxd7
15. Nc4 Bc6 16. Qd1 Ra7 17. Re3 Bd5 18. Rg3 Bxc4 19. Qg4 Bf6 20. Qxc4 Ne5 21.
Qe4 Rd8 22. h4 Rad7 23. h5 Kh8 24. h6 Ng6 25. hxg7+ Bxg7 26. Bg5 Rf8 27. Qa4
Rd6 28. Rh3 Qb7 29. Bc1 Qd5 30. Qg4 Rg8 31. Rh5 1-0

[Event "13. Memorial Adolfo Pedrido"]
[Site "Villagarcía de Arosa ESP"]
[Date "2005.08.08"]
[Round "8.6"]
[White "Garcia Castro, Pablo"]
[Black "Danilov, Vladimir"]
[Result "0-1"]
[WhiteElo "2377"]
[BlackElo "2363"]
[PlyCount "126"]
[EventDate "2005.08.01"]
[EventType "swiss"]
[EventRounds "9"]
[EventCountry "ESP"]
[Source "lmi"]
[SourceDate "2005.08.09"]

1. e4 e5 2. Nf3 Nc6 3. d4 exd4 4. Bc4 Nf6 5. e5 d5 6. Bb5 Ne4 7. Nxd4 Bd7 8.
Bxc6 bxc6 9. O-O Bc5 10. f3 Ng5 11. f4 Ne4 12. Be3 Bb6 13. Nc3 Nxc3 14. bxc3
Qe7 15. Qd2 O-O 16. Nb3 f6 17. Rfe1 fxe5 18. Bxb6 cxb6 19. Rxe5 Qf7 20. g3 Rae8
21. Rae1 Rxe5 22. Rxe5 Re8 23. Nd4 Rxe5 24. fxe5 c5 25. Ne2 Bc6 26. Qg5 h6 27.
Qd8+ Qe8 28. Qd6 Qd7 29. Qb8+ Kh7 30. Nf4 Qg4 31. Qd6 Qd1+ 32. Kg2 Qxc2+ 33.
Kf3 Qe4+ 34. Kg4 d4 35. cxd4 cxd4 36. h4 Qf3+ 37. Kh3 Be4 38. Qxd4 h5 39. Qg1
Bf5+ 40. Kh2 Qe4 41. Qd1 Bg4 42. Qd3 Qxd3 43. Nxd3 Kg6 44. Nf4+ Kf5 45. e6 Kf6
46. a3 g6 47. e7 Bd7 48. Nd5+ Kf7 49. Kg1 Bc6 50. Nf4 Be8 51. Nd5 Ke6 52. Nf4+
Kxe7 53. Kf2 Kd6 54. Ke3 Ke5 55. Nd3+ Kd5 56. Kf4 Kd4 57. Ne5 b5 58. g4 hxg4
59. Nxg4 a5 60. Ne3 a4 61. Nd1 b4 62. axb4 a3 63. Ne3 a2 0-1

[Event "13. Memorial Adolfo Pedrido"]
[Site "Villagarcía de Arosa ESP"]
[Date "2005.08.08"]
[Round "8.7"]
[White "Espiñeira Gonzalez, Diego"]
[Black "Zurano Lopez, Pedro"]
[Result "1/2-1/2"]
[WhiteElo "2310"]
[BlackElo "2253"]
[PlyCount "149"]
[EventDate "2005.08.01"]
[EventType "swiss"]
[EventRounds "9"]
[EventCountry "ESP"]
[Source "lmi"]
[SourceDate "2005.08.09"]

1. e4 c6 2. d4 d5 3. Nd2 g6 4. h3 Bg7 5. Ngf3 Nh6 6. Bd3 f6 7. exd5 cxd5 8. c4
e6 9. O-O O-O 10. Re1 Nc6 11. Nb3 Nf7 12. Bf1 Nd6 13. Nc5 Nxc4 14. Nxe6 Bxe6
15. Rxe6 Qd7 16. Re1 Rfe8 17. Rxe8+ Rxe8 18. b3 Nd6 19. Bb2 a6 20. Rc1 Ne4 21.
a3 Bh6 22. Rc2 Ne7 23. Bc1 Bf8 24. Bf4 Rc8 25. Bd3 Nf5 26. g4 Nfd6 27. Kg2 Rxc2
28. Qxc2 Qc8 29. Qxc8 Nxc8 30. Bc1 Ncd6 31. Ne1 Kf7 32. f3 Ng5 33. h4 Ne6 34.
Nc2 Nb5 35. Bxb5 axb5 36. f4 f5 37. gxf5 gxf5 38. Kf3 Be7 39. Bb2 Ng7 40. Ne3
Ke6 41. Ng2 Nh5 42. b4 Bf6 43. Bc3 Ng7 44. Kg3 Ne8 45. Ne3 Nd6 46. Kh3 Ne4 47.
Bb2 Be7 48. Nc2 Bf6 49. Bc1 Nd6 50. Be3 Kf7 51. Bf2 Kg6 52. Be1 Ne8 53. Ne3 Nc7
54. h5+ Kxh5 55. Nxf5 Ne6 56. Bd2 Nxd4 57. Ne3 Nc6 58. Nxd5 Bb2 59. f5 Be5 60.
Be3 Nd8 61. Bd2 Nf7 62. Bc3 Bxc3 63. Nxc3 Nd6 64. a4 bxa4 65. Nxa4 Nxf5 66. b5
Nd6 67. Nc5 Nxb5 68. Nxb7 Nc7 69. Nd6 Kg5 70. Nf7+ Kg6 71. Nd6 Nd5 72. Kh4 Ne7
73. Kg4 h6 74. Kh3 Kh5 75. Nf7 1/2-1/2

[Event "13. Memorial Adolfo Pedrido"]
[Site "Villagarcía de Arosa ESP"]
[Date "2005.08.08"]
[Round "8.8"]
[White "Torres Dominguez, David"]
[Black "Pena Gomez, Manuel"]
[Result "0-1"]
[WhiteElo "2223"]
[BlackElo "2110"]
[PlyCount "102"]
[EventDate "2005.08.01"]
[EventType "swiss"]
[EventRounds "9"]
[EventCountry "ESP"]
[Source "lmi"]
[SourceDate "2005.08.09"]

1. e4 c5 2. Nc3 Nc6 3. Nge2 Nd4 4. Ng3 e6 5. Bc4 d6 6. O-O Nf6 7. Re1 Be7 8. e5
dxe5 9. Rxe5 O-O 10. b3 b6 11. Bb2 Bb7 12. Re1 Qd7 13. Bf1 Rad8 14. a4 a6 15.
Nce2 Qc6 16. Nxd4 cxd4 17. Rc1 Nd5 18. Bxd4 Nf4 19. c3 f6 20. f3 Kh8 21. Be3
Nd3 22. Bxd3 Rxd3 23. Qe2 Rd7 24. d4 Re8 25. Bf2 Ba3 26. Ra1 Bf8 27. c4 Bb4 28.
Red1 Rdd8 29. Rac1 Qc7 30. Be1 Ba3 31. Ra1 Bf8 32. a5 Qf4 33. axb6 Rxd4 34. Bf2
Bc5 35. Bxd4 Bxd4+ 36. Kh1 Bxa1 37. Rxa1 Qd4 38. Rd1 Qxb6 39. Qd3 a5 40. Nh5
Bc6 41. h3 a4 42. bxa4 Bxa4 43. Rd2 Qc7 44. Qa3 Qxc4 45. Ra2 Bc6 46. Qa7 Rg8
47. Kh2 Qc3 48. Re2 Bd5 49. Nf4 Bc4 50. Re3 Qd2 51. Nxe6 Qd6+ 0-1

[Event "13. Memorial Adolfo Pedrido"]
[Site "Villagarcía de Arosa ESP"]
[Date "2005.08.08"]
[Round "8.9"]
[White "Astaneh Lopez, Alex"]
[Black "Santaclara Rodriguez, Jose R"]
[Result "1-0"]
[WhiteElo "2304"]
[BlackElo "2205"]
[PlyCount "53"]
[EventDate "2005.08.01"]
[EventType "swiss"]
[EventRounds "9"]
[EventCountry "ESP"]
[Source "lmi"]
[SourceDate "2005.08.09"]

1. e4 c5 2. Nf3 Nc6 3. Nc3 g6 4. d4 cxd4 5. Nxd4 Bg7 6. Be3 Nf6 7. Bc4 Qa5 8.
O-O O-O 9. Nb3 Qc7 10. Bg5 Qb8 11. Nd5 Nxd5 12. exd5 Ne5 13. Be2 f6 14. Be3 Nf7
15. c4 e5 16. c5 d6 17. Rc1 dxc5 18. Nxc5 Rd8 19. Qb3 Nd6 20. Rfd1 Kh8 21. Ne6
Bxe6 22. dxe6 Nf5 23. Bf3 Nxe3 24. Qxe3 Rd6 25. e7 Rxd1+ 26. Rxd1 Qc7 27. Qxa7
1-0

[Event "13. Memorial Adolfo Pedrido"]
[Site "Villagarcía de Arosa ESP"]
[Date "2005.08.08"]
[Round "8.10"]
[White "Perez Fungueiro, Manuel"]
[Black "Villar Nieves, Antonio"]
[Result "1-0"]
[WhiteElo "2300"]
[BlackElo "2190"]
[PlyCount "57"]
[EventDate "2005.08.01"]
[EventType "swiss"]
[EventRounds "9"]
[EventCountry "ESP"]
[Source "lmi"]
[SourceDate "2005.08.09"]

1. c4 f5 2. g3 Nf6 3. Bg2 g6 4. Nc3 Bg7 5. d3 e5 6. e4 d6 7. Nge2 c6 8. O-O a5
9. exf5 gxf5 10. d4 O-O 11. b3 Na6 12. Bg5 Qc7 13. Qd2 Be6 14. Rac1 Rad8 15.
Nd5 Bxd5 16. cxd5 c5 17. Rfd1 Rd7 18. dxe5 dxe5 19. d6 Qb6 20. Nc3 e4 21. Nd5
Nxd5 22. Qxd5+ Rff7 23. Bh3 Nb4 24. Qxc5 Qxc5 25. Rxc5 h6 26. Be3 Nd3 27. Rxf5
Rxd6 28. Rxf7 Kxf7 29. Bf5 1-0

[Event "13. Memorial Adolfo Pedrido"]
[Site "Villagarcía de Arosa ESP"]
[Date "2005.08.09"]
[Round "9.2"]
[White "Gongora, Maikel"]
[Black "Nanu, Ciprian"]
[Result "0-1"]
[WhiteElo "2466"]
[BlackElo "2434"]
[PlyCount "90"]
[EventDate "2005.08.01"]
[EventType "swiss"]
[EventRounds "9"]
[EventCountry "ESP"]
[Source "lmi"]
[SourceDate "2005.08.09"]

1. e4 c6 2. Nc3 d5 3. Nf3 a6 4. d4 Bg4 5. h3 Bh5 6. Be2 Bg6 7. e5 e6 8. O-O Nd7
9. Bf4 c5 10. Qd2 Ne7 11. dxc5 Nxc5 12. b4 Nd7 13. Nh4 Rc8 14. b5 Qc7 15. bxa6
bxa6 16. Na4 Qc6 17. Nb2 Qxc2 18. Nxg6 Qxd2 19. Bxd2 Nxg6 20. Rfc1 Ra8 21. f4
Ba3 22. Rc2 Ke7 23. Nd3 Rhc8 24. Nb4 Nxf4 25. Bxa6 Rxc2 26. Nxc2 Nxh3+ 27. Kf1
Rxa6 28. Nxa3 Nf4 29. Nb5 Nd3 30. Ke2 N3xe5 31. Bb4+ Kd8 32. a4 Nc6 33. Bc3 e5
34. a5 d4 35. Bd2 Nc5 36. Nd6 Nb3 37. Rh1 Nxd2 38. Kxd2 Ke7 39. Nf5+ Kf6 40.
Rf1 Kg6 41. Nh4+ Kh5 42. g3 f6 43. Nf5 Kg6 44. g4 Nxa5 45. Kd3 Nb7 0-1

[Event "13. Memorial Adolfo Pedrido"]
[Site "Villagarcía de Arosa ESP"]
[Date "2005.08.09"]
[Round "9.3"]
[White "Danilov, Vladimir"]
[Black "Espiñeira Gonzalez, Pablo"]
[Result "0-1"]
[WhiteElo "2363"]
[BlackElo "2158"]
[PlyCount "148"]
[EventDate "2005.08.01"]
[EventType "swiss"]
[EventRounds "9"]
[EventCountry "ESP"]
[Source "lmi"]
[SourceDate "2005.08.09"]

1. b3 d5 2. e3 Bf5 3. Bb2 e6 4. f4 Nf6 5. Nf3 Be7 6. g3 c5 7. Bg2 Nc6 8. O-O
Qb6 9. h3 h6 10. Ne5 Be4 11. d3 Bxg2 12. Kxg2 c4 13. Qe2 cxd3 14. cxd3 O-O 15.
Nd2 a5 16. Ng4 Qd8 17. Nf3 a4 18. Nfe5 axb3 19. axb3 Rxa1 20. Rxa1 Nxe5 21.
Bxe5 Nxg4 22. hxg4 Bf6 23. d4 Bxe5 24. dxe5 Qb6 25. Qd3 Rc8 26. Ra2 Qc5 27. Rd2
b5 28. Qd4 Qc1 29. Rd1 Qc2+ 30. Kh3 Qxb3 31. Ra1 Qc4 32. f5 Qxd4 33. exd4 b4
34. Ra6 Rb8 35. Ra2 b3 36. Rb2 Rb4 37. fxe6 fxe6 38. Kg2 Rxd4 39. Rxb3 Re4 40.
Rb7 Rxe5 41. Rd7 Kh7 42. Kf3 Kg6 43. Kf4 Re4+ 44. Kf3 Kf6 45. Rd8 Ra4 46. Rd7
Ra3+ 47. Kf2 Ra8 48. Ke3 Ra3+ 49. Kf2 Rd3 50. Rd6 g6 51. Rd8 e5 52. Rd6+ Kg5
53. Re6 e4 54. Kg2 h5 55. gxh5 Kxh5 56. Kh3 Kg5 57. Re5+ Kf6 58. Re8 Kf5 59.
Rf8+ Ke5 60. Rg8 Rf3 61. Rxg6 d4 62. Rg8 d3 63. Rd8 Rf6 64. Kg2 Rd6 65. Re8+
Kd4 66. Kf2 Rf6+ 67. Ke1 Ke3 68. Rd8 d2+ 69. Rxd2 Rf1+ 70. Kxf1 Kxd2 71. g4 e3
72. g5 e2+ 73. Kf2 e1=Q+ 74. Kf3 Qe6 0-1

[Event "13. Memorial Adolfo Pedrido"]
[Site "Villagarcía de Arosa ESP"]
[Date "2005.08.09"]
[Round "9.5"]
[White "Manolache, Marius"]
[Black "Pena Torres, Jose Carlos"]
[Result "1-0"]
[WhiteElo "2462"]
[BlackElo "2110"]
[PlyCount "87"]
[EventDate "2005.08.01"]
[EventType "swiss"]
[EventRounds "9"]
[EventCountry "ESP"]
[Source "lmi"]
[SourceDate "2005.08.09"]

1. d4 Nf6 2. Nf3 e6 3. c4 b6 4. a3 Bb7 5. Nc3 d5 6. cxd5 exd5 7. g3 Be7 8. Bg2
O-O 9. O-O Nbd7 10. Bf4 c5 11. Nb5 Ne4 12. dxc5 Ndxc5 13. Rc1 a6 14. Nc7 Rc8
15. b4 Rxc7 16. Bxc7 Qxc7 17. bxc5 Bxc5 18. Nd2 Qe7 19. Nxe4 dxe4 20. a4 e3 21.
f4 Rd8 22. Qb3 Bxg2 23. Kxg2 Rd2 24. Qc4 a5 25. f5 Rd4 26. Qb5 h6 27. Qc6 Rd2
28. Qf3 f6 29. Rc4 Kh7 30. Qg4 Qb7+ 31. Kh3 Qf7 32. Rff4 Rd5 33. Rfe4 Kg8 34.
Re6 Re5 35. Re4 Rxe4 36. Rxe4 Kh7 37. Re6 h5 38. Qf3 Kh6 39. Qe4 Kg5 40. Kg2
Kh6 41. Qc6 h4 42. Re4 Kg5 43. Rg4+ Kxg4 44. Qf3+ 1-0

[Event "13. Memorial Adolfo Pedrido"]
[Site "Villagarcía de Arosa ESP"]
[Date "2005.08.09"]
[Round "9.7"]
[White "Casares Cabanas, Carlos"]
[Black "Espiñeira Gonzalez, Diego"]
[Result "1-0"]
[WhiteElo "2116"]
[BlackElo "2310"]
[PlyCount "93"]
[EventDate "2005.08.01"]
[EventType "swiss"]
[EventRounds "9"]
[EventCountry "ESP"]
[Source "lmi"]
[SourceDate "2005.08.09"]

1. e4 e6 2. d4 d5 3. Nc3 Bb4 4. e5 Ne7 5. a3 Bxc3+ 6. bxc3 c5 7. Qg4 Kf8 8. a4
Qc7 9. Nf3 cxd4 10. Qxd4 Nbc6 11. Qe3 Nf5 12. Qf4 Ncd4 13. cxd4 Qc3+ 14. Qd2
Qxa1 15. Bb5 a6 16. Qb4+ Kg8 17. O-O axb5 18. Ba3 Qxf1+ 19. Kxf1 Bd7 20. axb5
h5 21. g3 Kh7 22. Ng5+ Kg6 23. Nh3 Rhc8 24. c3 Rc4 25. Qb3 Rca4 26. Bb2 R4a5
27. Qd1 Bxb5+ 28. Kg2 Bc4 29. Nf4+ Kh7 30. Qxh5+ Kg8 31. g4 Nh6 32. Qg5 Kh7 33.
Nh5 Rg8 34. Bc1 Ra1 35. Nf6+ Kh8 36. Nxg8 Kxg8 37. Qd8+ Kh7 38. Bxh6 gxh6 39.
Qf6 Kg8 40. Qxh6 b5 41. h4 Bf1+ 42. Kg3 Bd3 43. Qd2 Bh7 44. f3 Ra3 45. Qg5+ Kf8
46. Qd8+ Kg7 47. Qf6+ 1-0

[Event "13. Memorial Adolfo Pedrido"]
[Site "Villagarcía de Arosa ESP"]
[Date "2005.08.09"]
[Round "9.8"]
[White "Torrado Quintela, Julio"]
[Black "Astaneh Lopez, Alex"]
[Result "0-1"]
[WhiteElo "2180"]
[BlackElo "2304"]
[PlyCount "90"]
[EventDate "2005.08.01"]
[EventType "swiss"]
[EventRounds "9"]
[EventCountry "ESP"]
[Source "lmi"]
[SourceDate "2005.08.09"]

1. e4 c5 2. Nc3 Nc6 3. g3 Nf6 4. Bg2 e6 5. f4 d5 6. e5 Nd7 7. Nf3 f6 8. exf6
Nxf6 9. d3 Bd6 10. O-O O-O 11. Kh1 d4 12. Ne4 Nxe4 13. dxe4 e5 14. f5 Be7 15.
g4 c4 16. g5 g6 17. fxg6 hxg6 18. Qe1 Qd6 19. Qh4 Rf7 20. Bd2 Bd7 21. Rf2 Raf8
22. Raf1 Rf4 23. Qh6 R4f7 24. Qh4 Qe6 25. Ng1 Rxf2 26. Rxf2 Rxf2 27. Qxf2 Qf7
28. Qg3 c3 29. bxc3 Qxa2 30. cxd4 Qxc2 31. d5 Qxd2 32. dxc6 Bxc6 33. Qxe5 Qxg5
34. Qb8+ Kg7 35. Qxa7 Qe5 36. Qe3 Bd6 37. Nf3 Qxe4 38. Qxe4 Bxe4 39. Kg1 b5 40.
Nd4 Bd3 41. Kf2 Bc5 42. Ke3 Bf5 43. Be4 Kh6 44. Bxf5 gxf5 45. Kd3 Bxd4 0-1

[Event "13. Memorial Adolfo Pedrido"]
[Site "Villagarcía de Arosa ESP"]
[Date "2005.08.09"]
[Round "9.9"]
[White "Perez Fungueiro, Manuel"]
[Black "Rodriguez Lopez, Rafael"]
[Result "1-0"]
[WhiteElo "2300"]
[BlackElo "2230"]
[PlyCount "49"]
[EventDate "2005.08.01"]
[EventType "swiss"]
[EventRounds "9"]
[EventCountry "ESP"]
[Source "lmi"]
[SourceDate "2005.08.09"]

1. c4 c6 2. g3 d5 3. Bg2 Nf6 4. Nf3 Bf5 5. cxd5 cxd5 6. Qb3 Qc8 7. Nc3 e6 8. d3
h6 9. Bf4 a6 10. Rc1 Nc6 11. O-O Be7 12. Na4 Nd7 13. Ne5 Bd8 14. e4 dxe4 15.
dxe4 Bh7 16. Nxd7 Qxd7 17. Nc5 Qe7 18. Nxb7 e5 19. Rxc6 exf4 20. Nd6+ Kf8 21.
gxf4 g5 22. f5 f6 23. Nc8 Qe5 24. Rd1 Bc7 25. Rd7 1-0

[Event "13. Memorial Adolfo Pedrido"]
[Site "Villagarcía de Arosa ESP"]
[Date "2005.08.09"]
[Round "9.10"]
[White "Patiño Romaris, Roberto"]
[Black "Garcia Castro, Pablo"]
[Result "1/2-1/2"]
[WhiteElo "2188"]
[BlackElo "2377"]
[PlyCount "51"]
[EventDate "2005.08.01"]
[EventType "swiss"]
[EventRounds "9"]
[EventCountry "ESP"]
[Source "lmi"]
[SourceDate "2005.08.09"]

1. d4 Nf6 2. c4 e5 3. dxe5 Ne4 4. Nd2 Bb4 5. g3 Nxd2 6. Bxd2 Bxd2+ 7. Qxd2 Nc6
8. Nf3 Qe7 9. Qc3 O-O 10. O-O-O Re8 11. Rd5 b6 12. e3 Bb7 13. Kb1 Rad8 14. Bd3
Nb8 15. h4 c6 16. Rd6 c5 17. Bxh7+ Kxh7 18. Ng5+ Kg8 19. f4 f6 20. Qd3 Kf8 21.
Qh7 fxg5 22. Qh8+ Kf7 23. Qh5+ Kf8 24. Qh8+ Kf7 25. Qh5+ Kf8 26. Qh8+ 1/2-1/2